Southville International School and Colleges
Your cart is empty.
  • Cart
  • Lists
    Public lists Eva Luna New books Lux_list list_1
    Your lists Log in to create your own lists
  • Log in to your account
  • Your cookies
  • Search history
Southville International School and Colleges
  • Advanced search
  • Recent comments
  • Most popular
  • Libraries

Log in to your account

Log in with GOOGLE


If you do not have an external account, but do have a local account, you can still log in:

  1. Home
  2. MARC view: Rocky mountain skiing /
Normal view MARC view ISBD view

Rocky mountain skiing / (Record no. 356735)

[ view plain ]
MARC details
000 -LEADER
fixed length control field 00663nam a2200241Ia 4500
008 - FIXED-LENGTH DATA ELEMENTS--GENERAL INFORMATION
fixed length control field 180523s9999 xx 000 0 und d
020 ## - INTERNATIONAL STANDARD BOOK NUMBER
International Standard Book Number 1-55591-081-5
050 ## - LIBRARY OF CONGRESS CALL NUMBER
Classification number MAIN GV 854.5
050 ## - LIBRARY OF CONGRESS CALL NUMBER
Item number .R62W35 1992
100 ## - MAIN ENTRY--PERSONAL NAME
Personal name Walter, Claire.
245 #0 - TITLE STATEMENT
Title Rocky mountain skiing /
245 #0 - TITLE STATEMENT
Statement of responsibility, etc Claire Walter.
260 ## - PUBLICATION, DISTRIBUTION, ETC. (IMPRINT)
Place of publication, distribution, etc USA :
260 ## - PUBLICATION, DISTRIBUTION, ETC. (IMPRINT)
Name of publisher, distributor, etc Fulcrum Publishing,
260 ## - PUBLICATION, DISTRIBUTION, ETC. (IMPRINT)
Date of publication, distribution, etc 1992
300 ## - PHYSICAL DESCRIPTION
Extent 397 pages :
300 ## - PHYSICAL DESCRIPTION
Other physical details illustrations ;
300 ## - PHYSICAL DESCRIPTION
Dimensions 23 cm.
500 ## - GENERAL NOTE
General note Includes index.
650 ## - SUBJECT ADDED ENTRY--TOPICAL TERM
Topical term or geographic name as entry element Ski resorts -- Rocky mountains -- Directories.
650 ## - SUBJECT ADDED ENTRY--TOPICAL TERM
Topical term or geographic name as entry element Skiing -- Rocky mountains -- Guidebooks.
650 ## - SUBJECT ADDED ENTRY--TOPICAL TERM
General subdivision Rocky mountains -- Guidebooks.
Holdings
Withdrawn status Lost status Damaged status Home library Current library Shelving location Date acquired Total Checkouts Full call number Barcode Date last seen Price effective from Koha item type
      South Mansfield College South Mansfield College   03/07/2005   MAIN GV 854.5 .R62W35 1992 SMC01775 05/23/2018 05/23/2018  

Rocky mountain skiing /

APA

Walter C., .Rocky mountain skiing. USA: .

Chicago

Walter Claire, .Rocky mountain skiing. USA: .

Harvard

Walter C., .Rocky mountain skiing. USA: .

MLA

Walter Claire, .USA: . .

  • Place hold
  • Print
  • Cite
  • Add to your cart (remove)
  • Save record
    BIBTEX Dublin Core MARCXML MARC (non-Unicode/MARC-8) MARC (Unicode/UTF-8) MARC (Unicode/UTF-8, Standard) MODS (XML) RIS
  • More searches
    Search for this title in:
    Other Libraries (WorldCat) Other Databases (Google Scholar) Online Stores (Bookfinder.com) Open Library (openlibrary.org)

Exporting to Dublin Core...

SOUTHVILLE LIBRARY

Southville International School and Colleges Library

1281 Tropical Ave. Cor. Luxembourg St., BF Homes International, Las Pinas City

Tel. No. 8256374 / 252358 Loc. 117/146

Powered by Koha